Az alfa generációt nevelő szülők médiatudatossága különböző generációk szülői médiaszokásainak vizsgálata

Bibliográfiai részletek
Szerző: Füzesi-Illés Virág
További közreműködők: Furcsa Dr. Laura
Koleszárik Panna
Dokumentumtípus: Diplomadolgozat
Kulcsszavak:Alfa generáció
digitális technológia
gyermekek
médiatudatosság
nevelés
szocializáció
szülők
tömegkommunikáció
Y generáció
Z generáció
Online Access:http://dolgozattar.uni-bge.hu/58931

MARC

LEADER 00000nta a2200000 i 4500
001 dolg58931
005 20251027142644.0
008 251027suuuu hu om 000 hun d
040 |a BGE Dolgozattár Repozitórium  |b hun 
041 |a hu 
100 1 |a Füzesi-Illés Virág 
245 1 3 |a Az alfa generációt nevelő szülők médiatudatossága  |b különböző generációk szülői médiaszokásainak vizsgálata  |c Füzesi-Illés Virág  |h [elektronikus dokumentum] 
520 3 |a A szakdolgozat az alfa generációt nevelő szülők médiatudatosságát vizsgálja különböző generációk (X, Y, Z generációk) szülői médiaszokásainak összehasonlításán keresztül. A kvalitatív kutatás alapját 15 mélyinterjú képezi, mely során a szülők digitális tartalomfogyasztási szokásait, tartalommegosztási gyakorlatát és médiatudatosság szintjét elemeztem. A dolgozat feltárja, hogyan befolyásolja a szülők generációs hovatartozása a digitális nevelést, valamint, hogy milyen mértékben tudatosak a gyerekek online jelenlétének irányításában, nevelésében. Az eredmények rávilágítanak a generációk közötti különbségekre és a tudatos digitális szülői magatartás fontosságára az alfa generáció fejlődése érdekében. 
695 |a Alfa generáció 
695 |a digitális technológia 
695 |a gyermekek 
695 |a médiatudatosság 
695 |a nevelés 
695 |a szocializáció 
695 |a szülők 
695 |a tömegkommunikáció 
695 |a Y generáció 
695 |a Z generáció 
700 1 |a Furcsa Dr. Laura  |e ths 
700 1 |a Koleszárik Panna  |e ths 
856 4 0 |u http://dolgozattar.uni-bge.hu/58931/1/F%C3%BCzesi-Ill%C3%A9s%20Vir%C3%A1g%20B4035W%20Szakdolgozat%202025.pdf  |z Dokumentum-elérés 
856 4 0 |u http://dolgozattar.uni-bge.hu/58931/2/Nyilatkozat%20a%20szakdolgozat%20sta%CC%81tusza%CC%81ro%CC%81l%20%28nyilva%CC%81nos%2C%20bizalmas%29.pdf  |z Dokumentum-elérés 
856 4 0 |u http://dolgozattar.uni-bge.hu/58931/3/F%C3%BCzesi-Ill%C3%A9s%20Vir%C3%A1g%20belso-biralo-alapkepzes%202025.pdf  |z Dokumentum-elérés 
856 4 0 |u http://dolgozattar.uni-bge.hu/58931/4/Szakdolgozat%20k%C3%BCls%C5%91%20b%C3%ADr%C3%A1l%C3%B3%20%C3%A1ltal%20t%C3%B6rt%C3%A9n%C5%91%20%C3%A9rt%C3%A9kel%C3%A9se.pdf  |z Dokumentum-elérés